000 00889nam a22002897a 4500
001 BR5500081
003 BR-BrBNA
005 20230928082950.0
007 ta
008 230509b bl.||||| |||| 00| 0 por d
040 _aBR-BrBNA
_bpor
_cBiblioteca Nacional de Agricultura
041 _a(Eng, Por)
072 _aL40; L50
090 _ L40 BR5500081
110 1 _aUniversidade Federal de Minas Gerais, Belo Horizonte (Brasil). Inst. de Biologia
_910852
111 1 _aSimposio sobre Secrecao Celular
_cBelo Horizonte, MG (Brazil)
_d14 Mar 1955
245 1 _aSimposio sobre Secrecao Celular
260 3 _aBelo Horizonte, MG (Brasil):
_c1955.
300 _a135 p.
650 _aEstrutura animal
650 _aFisiologia animal
650 _aBioquimica animal
650 _aCitologia animal
650 _aSecrecao celular
909 _a202309
_bLucia
_c55
_dLucia Elande
942 _cBK
999 _c10857
_d10857